Catálogo público

Efecto del tipo de poda sobre la presencia de araña roja y mosca blanca en aguacate hass / (Record no. 220105)

MARC details
000 -CABECERA
campo de control de longitud fija 02825nam a2200337 a 4500
003 - IDENTIFICADOR DEL NÚMERO DE CONTROL
campo de control OSt
005 - FECHA Y HORA DE LA ÚLTIMA TRANSACCIÓN
campo de control 20250422072847.0
007 - CAMPO FIJO DE DESCRIPCIÓN FÍSICA--INFORMACIÓN GENERAL
campo de control de longitud fija cr ||||||a|c|a
008 - DATOS DE LONGITUD FIJA--INFORMACIÓN GENERAL
campo de control de longitud fija 240826s2024 mx a|||fom||| 001 0 spa d
040 ## - FUENTE DE LA CATALOGACIÓN
Normas de descripción rda
100 1# - ENTRADA PRINCIPAL--NOMBRE DE PERSONA
Nombre de persona Bautista Martínez, Eduardo
9 (RLIN) 189467
245 10 - MENCIÓN DE TÍTULO
Título Efecto del tipo de poda sobre la presencia de araña roja y mosca blanca en aguacate hass /
Mención de responsabilidad, etc. por Eduardo Bautista Martínez ; José de Jesús Loyola, secretario Samuel Sánchez Domínguez; vocal Arturo Vega Cuen; suplente Domingo Montalvo Hernández; suplente Arturo Chong Eslava.
264 #1 - PRODUCCIÓN, PUBLICACIÓN, DISTRIBUCIÓN, FABRICACIÓN Y COPYRIGHT
Producción, publicación, distribución, fabricación y copyright Chapingo, México :
Nombre del de productor, editor, distribuidor, fabricante El autor,
Fecha de producción, publicación, distribución, fabricación o copyright 2024.
300 ## - DESCRIPCIÓN FÍSICA
Extensión 1 recurso en línea (125 páginas):
Otras características físicas gráficas,ilustraciones, tablas.
336 ## - TIPO DE CONTENIDO
Fuente rdacontent
Término de tipo de contenido texto
Código de tipo de contenido txt
337 ## - TIPO DE MEDIO
Fuente rdamedia
Nombre/término del tipo de medio computadora
Código del tipo de medio c
338 ## - TIPO DE SOPORTE
Fuente rdacarrier
Nombre/término del tipo de soporte recurso en línea
Código del tipo de soporte cr
502 ## - NOTA DE TESIS
Tipo de título Ingeniería Agronómica en el Área de Fitotecnia
Nombre de la institución que otorga el título Departamento de Enseñanza, Investigación y Servicio en Fitotecnia,
Año de obtención del título 2024.
Información miscelánea Licenciatura
504 ## - NOTA DE BIBLIOGRAFÍA, ETC.
Nota de bibliografía, etc. Incluye referencias bibliográficas: páginas 101-111.
520 ## - SUMARIO, ETC.
Sumario, etc. La poda en el cultivo del aguacate favorece tener árboles de porte bajo que facilitan la aplicación de tratamientos sanitarios y cosecha, además de incrementar la densidad de población, que contribuyen en la obtención de altos rendimientos. Caso contrario, presentan abundante ramificación en las partes bajas, ángulos excesivamente cerrados y un constante desgajamiento de ramas, y poca penetración de luz al interior de la copa presentando ramas improductivas. En este estudio se realizó en San Juan Achiutla, Tlaxiaco, Oaxaca, donde se evaluaron 4 tipos de poda (Poda de despunte T1, Poda de sanidad T2, Poda de ramas bajas T3 y Poda integral T4) más un Testigo T5, con el fin de estimar la presencia de araña roja y mosca blanca en su estado de huevo, ninfa y adulto, así como la temperatura y el % de humedad relativa al interior de la copa en un periodo de noviembre 2023 a enero 2024. Se concluye que la Poda Integral reduce la presencia de mosca blanca y de la araña roja, al permitir un incremento de la temperatura al interior de la copa; el resultado anterior también es observado en forma descendente en los tratamientos T3, T2 y T1; mientras que el no realizar ningún tipo de poda, aumenta la presencia de araña roja y mosca blanca.
650 #4 - PUNTO DE ACCESO ADICIONAL DE MATERIA--TÉRMINO DE MATERIA
Término de materia o nombre geográfico como elemento de entrada Aguacate
Subdivisión general Poda
9 (RLIN) 2545
650 #4 - PUNTO DE ACCESO ADICIONAL DE MATERIA--TÉRMINO DE MATERIA
Término de materia o nombre geográfico como elemento de entrada Tetranychus urticae
Subdivisión general Control
9 (RLIN) 132187
650 #4 - PUNTO DE ACCESO ADICIONAL DE MATERIA--TÉRMINO DE MATERIA
Término de materia o nombre geográfico como elemento de entrada Trialeurodes vaporarium
Subdivisión general Control
9 (RLIN) 189443
700 1# - PUNTO DE ACCESO ADICIONAL--NOMBRE DE PERSONA
Nombre de persona Loyola, José de Jesús
9 (RLIN) 68707
Término indicativo de función/relación Director de tesis.
700 1# - PUNTO DE ACCESO ADICIONAL--NOMBRE DE PERSONA
Nombre de persona Sánchez Domínguez, Samuel
Término indicativo de función/relación Secretario.
9 (RLIN) 107478
700 1# - PUNTO DE ACCESO ADICIONAL--NOMBRE DE PERSONA
Nombre de persona Vega Cuen, Arturo
9 (RLIN) 118251
Término indicativo de función/relación Vocal.
700 1# - PUNTO DE ACCESO ADICIONAL--NOMBRE DE PERSONA
Nombre de persona Montalvo Hernández, Domingo
9 (RLIN) 77714
Término indicativo de función/relación Suplente.
700 1# - PUNTO DE ACCESO ADICIONAL--NOMBRE DE PERSONA
Nombre de persona Chong Eslava, Arturo
9 (RLIN) 22863
Término indicativo de función/relación Suplente.
856 ## - LOCALIZACIÓN Y ACCESO ELECTRÓNICOS
Identificador Uniforme del Recurso http://10.13.5.2/tesis/tl/1610225-1_BAUTISTA_MARTINEZ_EDUARDO.pdf
Nota pública DESCARGAR PDF
942 ## - ELEMENTOS DE PUNTO DE ACCESO ADICIONAL (KOHA)
Fuente del sistema de clasificación o colocación Clasificación Universidad Autónoma Chapingo
Tipo de ítem Koha Tesis digital
Holdings
Estado de retiro Estado de pérdida Fuente del sistema de clasificación o colocación Estado dañado Restricciones de uso No para préstamo Código de colección Localización permanente Ubicación/localización actual Ubicación en estantería Fecha de adquisición Total de préstamos Signatura topográfica completa Fecha visto por última vez Precio válido a partir de Tipo de ítem Koha
    Clasificación Universidad Autónoma de Chapingo   Préstamo interno   Tesis digitales de Licenciatura Biblioteca Digital Biblioteca Digital En línea 26/08/2024   Tesis digital 26/08/2024 26/08/2024 Tesis digital